අඳුර ඉරා දැමු රේඛාව /

Saved in:
Bibliographic Details
Main Author: කණේෂ් , ගීතා
Other Authors: ආනන්ද , ජී.ජී.සරත් (පරි.)
Format: Book
Language:English
Sinhalese
Tags: Add Tag
No Tags, Be the first to tag this record!

MARC

LEADER 00000nam a22000007a 4500
003 LK-ApPL
005 20260420121601.0
008 260420b |||||||| |||| 00| 0 eng d
040 |a LK-ApPL  |b sin  |d LK-ApPL 
041 |a sin 
082 |2 23  |a 891.483  |b කණේෂ්  
100 |a කණේෂ් , ගීතා  
245 |a අඳුර ඉරා දැමු රේඛාව /  |c ගීතා කණේෂ්  
300 |a පි. 87 :  |c සෙ.මි.15  
700 |a ආනන්ද , ජී.ජී.සරත්  |e පරි. 
942 |c LBK 
999 |c 24355  |d 24355